| 000 | 00412nam a2200145Ia 4500 | ||
|---|---|---|---|
| 008 | 220217s9999||||xx |||||||||||||| ||und|| | ||
| 020 | _a978-81-203-0780-3 | ||
| 082 | _a004.6 BER | ||
| 100 |
_aBertsekas, Dimitri and Gallager, Robert _96808 |
||
| 245 | 0 | _aData networks | |
| 250 | _a2nd | ||
| 260 |
_aPrentice hall of india _bNew Delhi _c1992 |
||
| 300 |
_aXIX, 598p. _b325 |
||
| 650 | _aCOMPUTER NETWORK | ||
| 999 |
_c179757 _d179757 |
||